Educational development in Northern Rhodesia, 1883-1945 / (Record no. 649)

MARC details
000 -LEADER
fixed length control field 00822nam a2200241 a 4500
001 - CONTROL NUMBER
control field 2029964
005 - DATE AND TIME OF LATEST TRANSACTION
control field 20231006073806.0
008 - FIXED-LENGTH DATA ELEMENTS--GENERAL INFORMATION
fixed length control field 930714s1990 za bf b 001 0 eng
010 ## - LIBRARY OF CONGRESS CONTROL NUMBER
LC control number 91982549
020 ## - INTERNATIONAL STANDARD BOOK NUMBER
Canceled/invalid ISBN 9982000714
040 ## - CATALOGING SOURCE
Original cataloging agency DLC
Transcribing agency KMU
Modifying agency KMU
Description conventions rda
050 00 - LIBRARY OF CONGRESS CALL NUMBER
Classification number LA 1596 Sne
100 1# - MAIN ENTRY--PERSONAL NAME
Personal name Snelson, Peter Desmond.
245 10 - TITLE STATEMENT
Title Educational development in Northern Rhodesia, 1883-1945 /
Statement of responsibility, etc. Peter Snelson.
250 ## - EDITION STATEMENT
Edition statement 2nd ed.
260 ## - PUBLICATION, DISTRIBUTION, ETC.
Place of publication, distribution, etc. Lusaka, Zambia :
Name of publisher, distributor, etc. Kenneth Kaunda Foundation,
Date of publication, distribution, etc. 1990.
300 ## - PHYSICAL DESCRIPTION
Extent vii, 324 p., [1] folded leaf of plates :
Other physical details map ;
Dimensions 22 cm.
504 ## - BIBLIOGRAPHY, ETC. NOTE
Bibliography, etc. note Includes bibliographical references (p. 298-315) and index.
650 #0 - SUBJECT ADDED ENTRY--TOPICAL TERM
Topical term or geographic name entry element Education
Geographic subdivision Zambia
General subdivision History.
650 #0 - SUBJECT ADDED ENTRY--TOPICAL TERM
Topical term or geographic name entry element Missions
Geographic subdivision Zambia
General subdivision Educational work.
906 ## - LOCAL DATA ELEMENT F, LDF (RLIN)
a 7
b cbc
c orignew
d 3
e ncip
f 19
g y-gencatlg
942 ## - ADDED ENTRY ELEMENTS (KOHA)
Source of classification or shelving scheme Library of Congress Classification
Koha item type Non-Fiction
Suppress in OPAC No
Holdings
Withdrawn status Lost status Source of classification or shelving scheme Damaged status Not for loan Collection Home library Current library Shelving location Date acquired Source of acquisition Total Checkouts Full call number Barcode Date last seen Price effective from Koha item type
    Library of Congress Classification     Non-fiction Kapasa Makasa University Kapasa Makasa University Open Access 06.10.2023 Book Aid   LA 1596 Sne 748392 06.10.2023 06.10.2023 Non-Fiction
    Library of Congress Classification     Non-fiction Kapasa Makasa University Kapasa Makasa University Open Access 06.10.2023 Book Aid   LA 1596 Sne 748391 06.10.2023 06.10.2023 Non-Fiction
    Library of Congress Classification     Non-fiction Kapasa Makasa University Kapasa Makasa University Open Access 06.10.2023 Book Aid   LA 1596 Sne 748393 06.10.2023 06.10.2023 Non-Fiction